| 000 | 00815nam a22002057a 4500 | ||
|---|---|---|---|
| 005 | 20171211150428.0 | ||
| 010 | _a1718CH-EN | ||
| 020 |
_a9789385887819 _c550.00 |
||
| 035 | _aB-671018-1030 | ||
| 037 |
_adpl _bBook Well |
||
| 100 | 1 | _aStilton, Geronimo. | |
| 245 | 1 | 4 |
_aThe Hour of Magic : _bthe eighth adventure the kingdom of fantasy / _cGeronimo Stilton ; [illustrations by Danilo Barozzi ... et al.]. |
| 260 |
_aNew York : _bScholastic _c2017 |
||
| 270 |
_a557 Broadway _bNew York _eNY 10012 |
||
| 300 |
_a310p.: _bcol. ill., _c20cm(Hb) |
||
| 650 | 1 | _vFiction. | |
| 700 | 1 |
_aBarozzi, Danilo, _eill. |
|
| 942 |
_2ddc _cCH _hS _mSTI |
||
| 999 |
_c141269 _d141269 |
||